Community pharmacy: (Record no. 124)
[ view plain ]
| 000 -LEADER | |
|---|---|
| fixed length control field | 00590nam a22002177a 4500 |
| 003 - CONTROL NUMBER IDENTIFIER | |
| control field | OSt |
| 005 - DATE AND TIME OF LATEST TRANSACTION | |
| control field | 20160427183411.0 |
| 008 - FIXED-LENGTH DATA ELEMENTS--GENERAL INFORMATION | |
| fixed length control field | 140704b xxu||||| |||| 00| 0 eng d |
| 020 ## - INTERNATIONAL STANDARD BOOK NUMBER | |
| International Standard Book Number | : 978-0702029950 |
| 020 ## - INTERNATIONAL STANDARD BOOK NUMBER | |
| International Standard Book Number | 0702029955 |
| 040 ## - CATALOGING SOURCE | |
| Transcribing agency | DNLM |
| 082 ## - DEWEY DECIMAL CLASSIFICATION NUMBER | |
| Classification number | QV737 R931c 2009 |
| Item number | R |
| 100 ## - MAIN ENTRY--PERSONAL NAME | |
| Personal name | Rutter, Paul. |
| 9 (RLIN) | 335 |
| 245 ## - TITLE STATEMENT | |
| Title | Community pharmacy: |
| Remainder of title | symptoms,diagnosis and treatment. |
| 250 ## - EDITION STATEMENT | |
| Edition statement | 2nd ed. |
| 260 ## - PUBLICATION, DISTRIBUTION, ETC. (IMPRINT) | |
| Place of publication, distribution, etc. | Edinburgh: |
| Name of publisher, distributor, etc. | Churchill |
| Date of publication, distribution, etc. | 2009 |
| 300 ## - PHYSICAL DESCRIPTION | |
| Extent | xiv,337p.; |
| Other physical details | col.ill |
| Dimensions | 27cm |
| 504 ## - BIBLIOGRAPHY, ETC. NOTE | |
| Bibliography, etc | Glossary, index included |
| 650 ## - SUBJECT ADDED ENTRY--TOPICAL TERM | |
| Topical term or geographic name as entry element | Community pharmacy |
| 9 (RLIN) | 336 |
| 942 ## - ADDED ENTRY ELEMENTS (KOHA) | |
| Source of classification or shelving scheme | Other/Generic Classification Scheme |
| Koha item type | Open Shelf |
| Withdrawn status | Lost status | Source of classification or shelving scheme | Damaged status | Not for loan | Home library | Current library | Date acquired | Source of acquisition | Inventory number | Total Checkouts | Full call number | Barcode | Date last seen | Koha item type |
|---|---|---|---|---|---|---|---|---|---|---|---|---|---|---|
| Other/Generic Classification Scheme | MUST Main Library | MUST Main Library | 04/07/2014 | 14/37571 | QV737 R931c 2009 R | 2014-0181 | 04/07/2014 | Open Shelf | ||||||
| Other/Generic Classification Scheme | MUST Main Library | MUST Main Library | 04/07/2014 | 14/37572 | QV737 R931c 2009 R | 2014-0182 | 04/07/2014 | Open Shelf | ||||||
| Other/Generic Classification Scheme | Pharmacy Department Library | Pharmacy Department Library | 23/03/2017 | 11/00045 | QV737 R931c 2009 R | 2017-0516 | 23/03/2017 | Short Loan | ||||||
| Other/Generic Classification Scheme | Pharmacy Department Library | Pharmacy Department Library | 23/03/2017 | 11/00046 | QV737 R931c 2009 R | 2017-0517 | 23/03/2017 | Short Loan |
